Sports Quiz

Random Sports or Football Quiz

Club Profile: Schalke 04 Quiz Stats

 Plays Quiz not verified by Sporcle

Challenge
Share
Tweet
Embed
Score 0/20 Timer 06:00
0 Plays Today
Fact Answer % Correct
CountryGermany
91.7%
City/TownGelsenkirchen
89.3%
Colour in LogoBlue
89.3%
Main Image on LogoThe Letter 'S'
88.1%
Colour in LogoWhite
86.9%
Famous Spanish PlayerRaúl
85.7%
Notable Dutch PlayerKlaas-Jan Huntelaar
83.3%
Year Established1904
81%
Primary RivalBorussia Dortmund
81%
Stadium NameVeltins-Arena
77.4%
Fact Answer % Correct
Team NicknameDie Knappen
58.3%
1st Europa League Championship1997
58.3%
Year of Bundeslige Scandal1971
57.1%
Notable Belgian PlayerMarc Wilmots
52.4%
Name of MascotÄhrwin
52.4%
Official SongBlau und Weiß, wie lieb ich Dich
50%
Notable German PlayerKlaus Fischer
41.7%
Official SongKönigsblauer S04
26.2%
Full NameFußball-Club Gelsenkirchen-Schalke 04
10.7%
Notable German PlayerKlaus Fitchel
4.8%

You're not logged in!

Compare scores with friends on all Sporcle quizzes.
OR
Log In

You Might Also Like...

Show Comments

Extras

Top Quizzes Today


Score Distribution

Your Account Isn't Verified!

In order to create a playlist on Sporcle, you need to verify the email address you used during registration. Go to your Sporcle Settings to finish the process.

Report this User

Report this user for behavior that violates our Community Guidelines.

Details: